| 000 | 00484nam a2200205Ia 4500 | ||
|---|---|---|---|
| 003 | 0100 | ||
| 008 | 130303s9999 xx 000 0 und d | ||
| 040 | _cARRUPELIB | ||
| 050 | _aBS2555.B7233 | ||
| 100 | _aBultmann, Rudolf Karl | ||
| 245 | 4 | _aThe history of the synoptic tradition | |
| 260 | _aOxford | ||
| 260 | _bBasil Blackwell | ||
| 260 | _C1963 | ||
| 300 | _a456p. | ||
| 300 | _b 22cm | ||
| 650 | _bAlistotelian ethics | ||
| 700 | _aMarsh, John (tr.) | ||
| 942 | 0 | 0 | _01 |
| 999 |
_c42756 _d42756 |
||